| 000 -ლიდერი |
| ფიქსირებული სიგრძის საკონტროლო ველი |
01198nam a22002057a 4500 |
| 003 - საკონტროლო ნომრის იდენტიფიკატორი |
| საკონტროლო ველი |
Ge_BSU |
| 005 - ბოლო ოპერაციის თარიღი და დრო |
| საკონტროლო ველი |
20250313152059.0 |
| 008 - ფიქსირებული სიგრძის მონაცემთა ელემენტები - ზოგადი ინფორმაცია |
| ფიქსირებული სიგრძის საკონტროლო ველი |
250313s1949 ge ||||| |||| 00| 0 geo d |
| 041 ## - ენის კოდი |
| Language code of text/sound track or separate title |
geo |
| 080 ## - უნივერსალური ათობითი კლასიფიკაციის ინდექსი |
| Universal Decimal Classification number |
616.12 ჟ-99 |
| 100 ## - მთავარი ჩანაწერი - პიროვნების სახელი |
| Personal name |
ჟღენტი, ვლადიმერ |
| 9 (RLIN) |
24552 |
| 245 ## - ცნობა სათაურის შესახებ |
| Title |
გულისა და სისხლმილთა დაავადებანი ქ. თბილისის პათოლოგიურ ანატომიურ მასალაში / |
| Statement of responsibility, etc |
ვლ. ჟღენტი; საქ. სსრ მეცნ. აკად., კლინიკ. და ექსპერიმ. კარდიოლოგიის ინ-ტი. |
| 264 ## - წარმოების, გამოცემის, დისტრიბუციის და სხვა ცნობები |
| გამოცემის, წარმოების, დისტრიბუციის... ადგილი |
თბ. : |
| გამოცემის, წარმოების, დისტრიბუციის... სახელწოდება |
საქ. სსრ მეცნ. აკად. გამ-ბა, |
| გამოცემის, წარმოების, დისტრიბუციის... თარიღი |
1949. |
| 300 ## - ფიზიკური აღწერა |
| Extent |
112 გვ. ; |
| Other physical details |
24 სმ. |
| 520 ## - SUMMARY, ETC. |
| Summary, etc |
რეზ. რუს. ენ. |
| 653 ## - INDEX TERM--UNCONTROLLED |
| Uncontrolled term |
გულის დაავადებები |
| 653 ## - INDEX TERM--UNCONTROLLED |
| Uncontrolled term |
სისხლძარღვთა დაავადებები |
| 856 ## - ELECTRONIC LOCATION AND ACCESS |
| Uniform Resource Identifier |
https://dspace.nplg.gov.ge/bitstream/1234/495746/1/GulisaDaSisxlmiltaDaavadebani_1949.pdf |
| Link text |
ელ. ვერსია |
| 942 ## - ADDED ENTRY ELEMENTS (KOHA) |
| Source of classification or shelving scheme |
|
| Koha item type |
წიგნი |